| 000 | 00495nam a22001937a 4500 | ||
|---|---|---|---|
| 003 | CEME | ||
| 005 | 20210628210515.0 | ||
| 008 | 210209b xxu||||| |||| 00| 0 eng d | ||
| 020 | _a0-697-13237-4 | ||
| 040 | _c. | ||
| 082 | _a658.409 BRO | ||
| 100 |
_aBrown, James A _979692 |
||
| 245 | _aRadio television cable management | ||
| 250 | _a3RD | ||
| 260 |
_aMCGRAW HILL _bQUAAL, WARD L _cNEW YORK |
||
| 300 | _a554P | ||
| 650 |
_aMANAGEMENT-RADIO TELEVISION CABLE _979693 |
||
| 942 |
_cBK _2ddc |
||
| 999 |
_c584698 _d584698 |
||